00435nam a2200169 a 45000010010000000030011000100080041000210200011000620350026000731000022000992450041001212600036001623000015001985000012002136500010002258560030002350001-1140ELIB.Books150505 2010 eng  a556961 a(ELIB.Books)0001-1295 aWeaver, Horace R. aThe International Lesson Annual 1967 aNashvillebAbingdon Pressc1966 a448c23 Cm aLibrary aBible nKBTS: LibraryuKBTS: Elib